[Event "NED-ch 1975"]
[Site "Leeuwarden"]
[Date "1975.??.??"]
[Round "5"]
[White "Hartoch, Rob"]
[Black "Vogel, Jaap"]
[Result "1/2-1/2"]
[WhiteElo "2375"]
[BlackElo "2335"]
[PlyCount "90"]
[EventDate "1975.??.??"]
[Source "ChessBase"]
[SourceDate "1999.07.01"]

1. Nf3 Nf6 2. g3 b5 3. Bg2 Bb7 4. O-O g6 5. c3 a6 6. a4 Bg7 7. axb5 axb5 8.
Rxa8 Bxa8 9. Na3 Bxf3 10. Bxf3 c6 11. d4 d5 12. Nc2 O-O 13. Bf4 Nbd7 14. Qa1
Qa8 15. Qxa8 Rxa8 16. Nb4 Rc8 17. Ra1 e6 18. Bd6 Bf8 19. Bxf8 Kxf8 20. e3 Nb6
21. Ra6 Nfd7 22. Be2 Ke7 23. f3 Kd6 24. e4 f6 25. Kf2 Kc7 26. Ke3 Ra8 27. Rxa8
Nxa8 28. h4 Nab6 29. b3 Kd6 30. Bd3 Nc8 31. h5 Ne7 32. g4 gxh5 33. gxh5 h6 34.
Kf4 e5+ 35. Ke3 Ke6 36. Bf1 Kd6 37. Bh3 c5 38. Nc2 cxd4+ 39. cxd4 Nb6 40. Bf1
exd4+ 41. Nxd4 dxe4 42. fxe4 Kc5 43. Bxb5 f5 44. Be8 Nbd5+ 45. exd5 Nxd5+
1/2-1/2

[Event "NED-ch 1975"]
[Site "Leeuwarden"]
[Date "1975.??.??"]
[Round "5"]
[White "Van Dop, Arend"]
[Black "Schouten, Nico"]
[Result "0-1"]
[WhiteElo "2340"]
[BlackElo "2200"]
[PlyCount "84"]
[EventDate "1975.??.??"]
[Source "ChessBase"]
[SourceDate "1999.07.01"]

1. Nf3 Nf6 2. g3 b5 3. c3 c5 4. Bg2 Bb7 5. a4 b4 6. d3 e6 7. O-O Be7 8. e4 Nc6
9. Re1 d5 10. e5 Nd7 11. d4 h6 12. h4 Qa5 13. Be3 c4 14. cxb4 Nxb4 15. Bd2 Ba6
16. Bc3 Rb8 17. Nbd2 Qb6 18. Bf1 Rb7 19. Rb1 Nb8 20. b3 cxb3 21. Qxb3 Bxf1 22.
Rxf1 N8c6 23. Rfc1 Kd7 24. Qd1 Rhb8 25. Kg2 Qa6 26. Ra1 Na5 27. Ne1 g6 28. Qf3
Ke8 29. Qf4 h5 30. Qe3 Nc4 31. Nxc4 dxc4 32. Bxb4 Rxb4 33. Qc3 Rc8 34. Nf3 Qb7
35. Qd2 Rb3 36. Rc3 Bb4 37. Rxb3 cxb3 38. Qf4 Rc3 39. Rd1 Qd5 40. Qf6 Be7 41.
Qf4 b2 42. Rb1 Rb3 0-1

[Event "NED-ch 1975"]
[Site "Leeuwarden"]
[Date "1975.??.??"]
[Round "5"]
[White "Van der Sterren, Paul"]
[Black "Ree, Hans"]
[Result "1/2-1/2"]
[WhiteElo "2200"]
[BlackElo "2470"]
[PlyCount "83"]
[EventDate "1975.??.??"]
[Source "ChessBase"]
[SourceDate "1999.07.01"]

1. e4 e6 2. d4 d5 3. Nc3 Nf6 4. e5 Nfd7 5. f4 c5 6. Nf3 Nc6 7. Be3 cxd4 8. Nxd4
Nxd4 9. Bxd4 Nb8 10. Qd2 Nc6 11. Bb5 Qa5 12. b3 Bd7 13. Bxc6 Bxc6 14. O-O Rc8
15. a3 Bc5 16. Rfd1 O-O 17. Ne2 Qxd2 18. Rxd2 b6 19. a4 Bb7 20. a5 bxa5 21.
Bxc5 Rxc5 22. Nd4 Rb8 23. Rdd1 Bc8 24. Kf2 Bd7 25. Ke3 g6 26. Kd3 Rbc8 27. Ra2
Rc3+ 28. Kd2 a4 29. bxa4 R3c4 30. Kd3 a5 31. Rb1 Rxa4 32. Rxa4 Bxa4 33. Ra1 Rc4
34. c3 Kf8 35. g4 Ke7 36. h4 Kd7 37. f5 gxf5 38. gxf5 exf5 39. Rf1 Rc8 40. Ra1
Rc4 41. Rf1 Rc8 42. Ra1 1/2-1/2

[Event "NED-ch 1975"]
[Site "Leeuwarden"]
[Date "1975.??.??"]
[Round "6"]
[White "Enklaar, Bert"]
[Black "Van der Sterren, Paul"]
[Result "1-0"]
[WhiteElo "2410"]
[BlackElo "2200"]
[PlyCount "87"]
[EventDate "1975.??.??"]
[Source "ChessBase"]
[SourceDate "1999.07.01"]

1. e4 c5 2. Nf3 Nc6 3. Bb5 g6 4. O-O Bg7 5. c3 Nf6 6. Re1 O-O 7. d4 cxd4 8.
cxd4 d5 9. e5 Ne4 10. h3 Qa5 11. Bf1 Bd7 12. Re3 Rfc8 13. Nc3 Nxc3 14. Rxc3 Nd8
15. Bd2 Qb6 16. Qb3 Qxb3 17. Rxb3 Rc7 18. a4 Ne6 19. Ba5 b6 20. Bc3 Rb8 21. a5
b5 22. a6 Bh6 23. Rb4 Rcc8 24. Ne1 Bf8 25. Nd3 Be8 26. Rb3 Rb6 27. Rba3 Rbb8
28. Ra5 Rb6 29. g3 Nc7 30. Bb4 Ne6 31. Bc5 Nxc5 32. dxc5 Rbb8 33. b4 e6 34. f4
Bc6 35. Ne1 Rd8 36. Nc2 d4 37. Rd1 d3 38. Bxd3 Bf3 39. Rd2 Be4 40. Ra3 Rd7 41.
Kf2 Rbd8 42. Ke3 Bc6 43. Ra1 g5 44. Rdd1 1-0

[Event "NED-ch 1975"]
[Site "Leeuwarden"]
[Date "1975.??.??"]
[Round "6"]
[White "Ree, Hans"]
[Black "Dieks, Roy"]
[Result "1-0"]
[WhiteElo "2470"]
[BlackElo "2305"]
[PlyCount "67"]
[EventDate "1975.??.??"]
[Source "ChessBase"]
[SourceDate "1999.07.01"]

1. d4 Nf6 2. c4 g6 3. Nc3 Bg7 4. e4 d6 5. Nf3 O-O 6. Be2 Bg4 7. Be3 Nfd7 8. Qd2
c5 9. d5 Nb6 10. b3 Re8 11. O-O e6 12. h3 Bxf3 13. Bxf3 exd5 14. cxd5 Na6 15.
Rac1 Qe7 16. Rfe1 Nc7 17. g3 Nd7 18. Bg2 Qf8 19. f4 Rab8 20. Bf2 b5 21. e5 dxe5
22. d6 Ne6 23. Bc6 Rb6 24. Bxd7 Rxd6 25. Qxd6 Qxd6 26. Bxe8 exf4 27. Nxb5 Qb8
28. Bd7 fxg3 29. Bxc5 a6 30. Bxe6 Qxb5 31. a4 Qd3 32. Rcd1 Qc3 33. Bxf7+ Kxf7
34. Rd7+ 1-0

[Event "NED-ch 1975"]
[Site "Leeuwarden"]
[Date "1975.??.??"]
[Round "6"]
[White "Schouten, Nico"]
[Black "Borm, Frans"]
[Result "0-1"]
[WhiteElo "2200"]
[BlackElo "2200"]
[PlyCount "66"]
[EventDate "1975.??.??"]
[Source "ChessBase"]
[SourceDate "1999.07.01"]

1. d4 d6 2. g3 e5 3. Bg2 exd4 4. Qxd4 Nf6 5. Bg5 Be7 6. c3 O-O 7. Nf3 Re8 8.
O-O Nc6 9. Qd3 h6 10. Bf4 Nd7 11. e4 Bf6 12. Nbd2 Nc5 13. Qc2 Qe7 14. Ne1 Bg4
15. f3 Bd7 16. Rd1 a5 17. Nc4 Ne5 18. Nxe5 dxe5 19. Be3 Bb5 20. Rf2 Bg5 21.
Bxg5 hxg5 22. Bf1 Bxf1 23. Kxf1 Red8 24. Rfd2 Rxd2 25. Qxd2 g4 26. Qe3 b6 27.
fxg4 Qe6 28. Qe2 Qxa2 29. Nf3 a4 30. Qb5 a3 31. Nd2 Rd8 32. bxa3 Nxe4 33. Qe2
Nxc3 0-1

[Event "NED-ch 1975"]
[Site "Leeuwarden"]
[Date "1975.??.??"]
[Round "6"]
[White "Van Dop, Arend"]
[Black "Hartoch, Rob"]
[Result "0-1"]
[WhiteElo "2340"]
[BlackElo "2375"]
[PlyCount "81"]
[EventDate "1975.??.??"]
[Source "ChessBase"]
[SourceDate "1999.07.01"]

1. Nf3 g6 2. g3 Bg7 3. Bg2 e5 4. d3 d5 5. Nbd2 Ne7 6. O-O O-O 7. e4 c6 8. Re1
d4 9. a4 c5 10. Nc4 Nbc6 11. c3 Be6 12. cxd4 Bxc4 13. dxc4 cxd4 14. Bd2 a5 15.
c5 Nb8 16. Qb3 Qc7 17. Rec1 Nd7 18. Qb5 Nc6 19. Bh3 Kh8 20. Ne1 f5 21. f3 fxe4
22. fxe4 Nf6 23. Qe2 Qe7 24. Nd3 Ng8 25. b4 axb4 26. Nxb4 Nxb4 27. Bxb4 Bh6 28.
Bd2 Ra6 29. Bxh6 Nxh6 30. Qb5 Rc6 31. Rab1 Rf7 32. Qa5 Kg7 33. Rb6 Qg5 34. Qe1
Ng4 35. Bxg4 Qxg4 36. Rxc6 bxc6 37. a5 Qf3 38. Ra1 Rb7 39. Qf2 Qxe4 40. Rf1 Qf5
41. a6 0-1

[Event "NED-ch 1975"]
[Site "Leeuwarden"]
[Date "1975.??.??"]
[Round "6"]
[White "Vogel, Jaap"]
[Black "Bohm, Hans"]
[Result "0-1"]
[WhiteElo "2335"]
[BlackElo "2300"]
[PlyCount "85"]
[EventDate "1975.??.??"]
[Source "ChessBase"]
[SourceDate "1999.07.01"]

1. Nf3 g6 2. d4 Bg7 3. g3 c5 4. Bg2 cxd4 5. Nxd4 Nc6 6. Nxc6 bxc6 7. c4 Qa5+ 8.
Nd2 Nf6 9. O-O O-O 10. Nb3 Qa4 11. Qd3 d5 12. cxd5 cxd5 13. Bg5 Bf5 14. Qd4 Qb5
15. Qd2 Ne4 16. Bxe4 dxe4 17. Nd4 Bxd4 18. Qxd4 Rfd8 19. Qe3 f6 20. Bh6 g5 21.
Rac1 Bg6 22. Rc7 Re8 23. Rd1 Qxb2 24. f4 Qb6 25. Qxb6 axb6 26. Rdd7 Kf7 27. g4
Rxa2 28. Kf2 e3+ 29. Kxe3 Ra3+ 30. Kd2 Rh3 31. fxg5 Rxh2 32. Rd4 f5 33. gxf5
Bxf5 34. Rb7 Ra8 35. Ke3 Ra3+ 36. Kf4 Rf2+ 37. Ke5 Ra5+ 38. Rd5 Rxe2+ 39. Kxf5
Rxd5+ 40. Kf4 Re6 41. Rb8 Rd4+ 42. Kf5 Rd5+ 43. Kf4 0-1

[Event "NED-ch 1975"]
[Site "Leeuwarden"]
[Date "1975.??.??"]
[Round "7"]
[White "Bohm, Hans"]
[Black "Van Dop, Arend"]
[Result "1-0"]
[WhiteElo "2300"]
[BlackElo "2340"]
[PlyCount "139"]
[EventDate "1975.??.??"]
[Source "ChessBase"]
[SourceDate "1999.07.01"]

1. d4 Nf6 2. c4 g6 3. Nc3 d5 4. Nf3 Bg7 5. cxd5 Nxd5 6. Bd2 Nb6 7. Rc1 Nc6 8.
Bg5 h6 9. Bh4 g5 10. Bg3 g4 11. Ne5 Nxe5 12. dxe5 Qxd1+ 13. Rxd1 c6 14. f4 gxf3
15. exf3 Be6 16. Bd3 O-O-O 17. b3 Nd5 18. Nxd5 Bxd5 19. O-O h5 20. f4 h4 21.
Bf2 b6 22. Bc4 e6 23. a4 Be4 24. Rxd8+ Kxd8 25. a5 Kc7 26. Re1 Bd5 27. axb6+
axb6 28. Ra1 Kb7 29. Kf1 Bf8 30. Bxd5 cxd5 31. Ke2 Bc5 32. Be1 Bg1 33. h3 Bc5
34. Kf3 Be7 35. b4 Rc8 36. b5 Rc2 37. Rb1 Ra2 38. g3 hxg3 39. Bxg3 Ra8 40. h4
Rh8 41. Rh1 f6 42. exf6 Bxf6 43. Re1 Re8 44. h5 Kc7 45. h6 Kd7 46. Bf2 Rh8 47.
Rh1 e5 48. fxe5 Bxe5 49. Rh5 Ke6 50. Bxb6 Rf8+ 51. Ke3 Ra8 52. h7 Ra3+ 53. Kd2
Ra2+ 54. Kd1 Ra1+ 55. Ke2 Ra2+ 56. Kf1 Ra1+ 57. Kg2 Ra2+ 58. Bf2 Bh8 59. b6 Rb2
60. Rh6+ Kf7 61. Kf3 Rb3+ 62. Kf4 Rb4+ 63. Kf5 Rb3 64. Bc5 Rf3+ 65. Kg4 Rb3 66.
Rd6 Kg7 67. Kf5 Kxh7 68. Rd7+ Kg8 69. b7 Rf3+ 70. Kg4 1-0

[Event "NED-ch 1975"]
[Site "Leeuwarden"]
[Date "1975.??.??"]
[Round "7"]
[White "Borm, Frans"]
[Black "Du Chattel, Philippe"]
[Result "0-1"]
[WhiteElo "2200"]
[BlackElo "2200"]
[PlyCount "68"]
[EventDate "1975.??.??"]
[Source "ChessBase"]
[SourceDate "1999.07.01"]

1. e4 g6 2. d4 c6 3. Nc3 d6 4. Be3 Nh6 5. f3 f5 6. Qd2 Nf7 7. a4 Bg7 8. Bc4 e6
9. Nge2 O-O 10. O-O d5 11. Bb3 g5 12. Kh1 f4 13. Bg1 Nh8 14. Rae1 Ng6 15. Nc1
Nd7 16. Nd3 Nf6 17. Nc5 Nh5 18. Bf2 b6 19. Nd3 Kh8 20. Ne5 Ba6 21. Rg1 Nxe5 22.
dxe5 d4 23. Qxd4 Ng3+ 24. hxg3 Qe8 25. g4 Rd8 26. Qb4 c5 27. Qa3 h5 28. Rd1
hxg4 29. fxg4 Qg6 30. Rge1 Bxe5 31. Rxd8 Qh6+ 32. Kg1 Rxd8 33. Ne2 Bxe2 34.
Rxe2 f3 0-1

[Event "NED-ch 1975"]
[Site "Leeuwarden"]
[Date "1975.??.??"]
[Round "7"]
[White "Dieks, Roy"]
[Black "Enklaar, Bert"]
[Result "1-0"]
[WhiteElo "2305"]
[BlackElo "2410"]
[PlyCount "76"]
[EventDate "1975.??.??"]
[Source "ChessBase"]
[SourceDate "1999.07.01"]

1. e4 c5 2. Nf3 e6 3. d4 cxd4 4. Nxd4 Nf6 5. Nc3 d6 6. Be2 Be7 7. O-O O-O 8. f4
a6 9. Be3 Qc7 10. a4 b6 11. Bf3 Bb7 12. Qe2 Nc6 13. Rad1 Nxd4 14. Rxd4 Rac8 15.
Rd2 Nd7 16. g4 Qc4 17. Qd1 Qb4 18. Qc1 Rxc3 19. bxc3 Qxa4 20. Rd4 Qa5 21. e5
Bxf3 22. Rxf3 d5 23. c4 f6 24. exf6 Nxf6 25. h3 dxc4 26. Rxc4 Nd5 27. Bf2 Qb5
28. Re4 Qc6 29. Qe1 Nf6 30. Ree3 Bc5 31. Rd3 Nd5 32. Qe4 Rf6 33. f5 Bxf2+ 34.
Rxf2 Qc5 35. c4 Nc7 36. Rd8+ Kf7 37. Qb7 Ke7 38. Qc8 Rf7 1-0

[Event "NED-ch 1975"]
[Site "Leeuwarden"]
[Date "1975.??.??"]
[Round "7"]
[White "Van der Sterren, Paul"]
[Black "Vogel, Jaap"]
[Result "1/2-1/2"]
[WhiteElo "2200"]
[BlackElo "2335"]
[PlyCount "44"]
[EventDate "1975.??.??"]
[Source "ChessBase"]
[SourceDate "1999.07.01"]

1. e4 e6 2. d4 d5 3. Nc3 Bb4 4. e5 b6 5. Qg4 Bf8 6. a4 Nc6 7. Nb1 Nb4 8. Na3 c5
9. c3 Nc6 10. Nf3 cxd4 11. Bb5 Nge7 12. Bg5 Bd7 13. Bxc6 Bxc6 14. Nxd4 h5 15.
Qe2 Qd7 16. Nab5 Ng6 17. f4 a6 18. f5 exf5 19. Nd6+ Bxd6 20. exd6+ Kf8 21. Be7+
Kg8 22. O-O f4 1/2-1/2

[Event "NED-ch 1975"]
[Site "Leeuwarden"]
[Date "1975.??.??"]
[Round "8"]
[White "Hartoch, Rob"]
[Black "Bohm, Hans"]
[Result "0-1"]
[WhiteElo "2375"]
[BlackElo "2300"]
[PlyCount "114"]
[EventDate "1975.??.??"]
[Source "ChessBase"]
[SourceDate "1999.07.01"]

1. g3 d5 2. Bg2 c6 3. d3 Nf6 4. f4 Qb6 5. c3 Ng4 6. d4 Bf5 7. Nf3 e6 8. Ne5
Nxe5 9. fxe5 c5 10. e3 Nc6 11. O-O Be7 12. Qb3 Bd3 13. Rf2 O-O 14. Nd2 Rac8 15.
Bf1 Bxf1 16. Qxb6 axb6 17. Kxf1 f6 18. exf6 Bxf6 19. Nf3 e5 20. dxe5 Nxe5 21.
Nxe5 Bxe5 22. Bd2 h5 23. Rxf8+ Rxf8+ 24. Kg2 g6 25. h3 Kg7 26. g4 Ra8 27. a3
Kf6 28. Rd1 Ke6 29. Be1 b5 30. gxh5 gxh5 31. Kf3 Rf8+ 32. Ke2 Rg8 33. Bf2 Rg2
34. Rg1 Rh2 35. Kf1 Kf5 36. h4 Bf6 37. Rg8 Bxh4 38. Rf8+ Ke6 39. Bxh4 Rxh4 40.
Kg2 Rg4+ 41. Kf3 Rg1 42. Rb8 Rf1+ 43. Kg3 Rf7 44. b4 c4 45. Rh8 Ke5 46. Re8+
Kf5 47. Kf3 h4 48. Rh8 Kg5+ 49. Kg2 Kg4 50. Rh6 Re7 51. Kf2 Rg7 52. Kg2 Rf7 53.
Rh8 Rf6 54. Rh7 Ra6 55. Rg7+ Kf5 56. Kf3 Rxa3 57. Rf7+ Ke5 0-1

[Event "NED-ch 1975"]
[Site "Leeuwarden"]
[Date "1975.??.??"]
[Round "8"]
[White "Ree, Hans"]
[Black "Borm, Frans"]
[Result "1-0"]
[WhiteElo "2470"]
[BlackElo "2200"]
[PlyCount "66"]
[EventDate "1975.??.??"]
[Source "ChessBase"]
[SourceDate "1999.07.01"]

1. d4 Nf6 2. c4 d6 3. Nc3 e5 4. Nf3 Nc6 5. d5 Ne7 6. e4 Ng6 7. g3 Be7 8. h4 h5
9. Be2 c5 10. Nd2 Qd7 11. Nf1 Bd8 12. Qc2 Ba5 13. Bd2 Ng8 14. Ne3 N6e7 15. f4
exf4 16. gxf4 Ng6 17. Nf5 Kf8 18. Nb5 Bxd2+ 19. Qxd2 Nf6 20. Bd3 Ne8 21. O-O-O
a6 22. Nc3 Qd8 23. Ng3 Bd7 24. e5 Ne7 25. Nce4 Bg4 26. Rde1 b6 27. Ng5 f6 28.
exf6 Nxf6 29. f5 Qd7 30. Ne6+ Kf7 31. Qg5 Rag8 32. Re3 Rh6 33. Rhe1 Nc8 1-0

[Event "NED-ch 1975"]
[Site "Leeuwarden"]
[Date "1975.??.??"]
[Round "8"]
[White "Schouten, Nico"]
[Black "Du Chattel, Philippe"]
[Result "1-0"]
[WhiteElo "2200"]
[BlackElo "2200"]
[PlyCount "126"]
[EventDate "1975.??.??"]
[Source "ChessBase"]
[SourceDate "1999.07.01"]

1. d4 c6 2. Bf4 d6 3. e4 g6 4. Bc4 Bg7 5. Nf3 e6 6. O-O f6 7. Qd3 Nh6 8. b4 O-O
9. a4 Nf7 10. Nbd2 d5 11. Bb3 g5 12. Bxb8 Rxb8 13. c4 dxe4 14. Qxe4 f5 15. Qe2
c5 16. Rad1 cxd4 17. c5 g4 18. Ne1 e5 19. f3 h5 20. Nd3 Qg5 21. f4 exf4 22.
Nxf4 Bd7 23. Nc4 Rbe8 24. Qf2 Kh7 25. Ne2 Ne5 26. Nxe5 Bxe5 27. Nxd4 Qg7 28.
Bc2 Bxd4 29. Rxd4 Bc8 30. Rd6 Qg5 31. c6 Re7 32. b5 h4 33. Qf4 Qxf4 34. Rxf4
Kg7 35. cxb7 Rxb7 36. Rd5 Rbf7 37. Rc5 Kh6 38. h3 Be6 39. a5 Rf6 40. b6 axb6
41. axb6 Rb8 42. Rb4 gxh3 43. gxh3 Bc8 44. Rxh4+ Kg7 45. Rc7+ Rf7 46. Rxf7+
Kxf7 47. Rh8 Kf6 48. b7 Rxb7 49. Rxc8 Kg5 50. Rc5 Rf7 51. Kg2 Rf8 52. Kg3 Rf6
53. h4+ Kh5 54. Bxf5 Kh6 55. Kg4 Ra6 56. Be4 Re6 57. Rh5+ Kg7 58. Kf4 Rh6 59.
Rg5+ Kh8 60. h5 Rf6+ 61. Bf5 Ra6 62. Rg6 Ra4+ 63. Kg5 Ra7 1-0

[Event "NED-ch 1975"]
[Site "Leeuwarden"]
[Date "1975.??.??"]
[Round "8"]
[White "Van Dop, Arend"]
[Black "Van der Sterren, Paul"]
[Result "1-0"]
[WhiteElo "2340"]
[BlackElo "2200"]
[PlyCount "81"]
[EventDate "1975.??.??"]
[Source "ChessBase"]
[SourceDate "1999.07.01"]

1. Nf3 c5 2. g3 Nc6 3. d4 cxd4 4. Nxd4 g6 5. Bg2 Bg7 6. Nb3 d6 7. O-O Be6 8. h3
Nf6 9. Nc3 O-O 10. e4 a5 11. a4 Bc4 12. Re1 Ne8 13. Nd5 e6 14. Ne3 Ba6 15. Rb1
Rc8 16. Bd2 b6 17. Nc1 f5 18. exf5 gxf5 19. Nd3 Nf6 20. Nf4 Re8 21. Bc3 d5 22.
Bxf6 Bxf6 23. Nxe6 Rxe6 24. Bxd5 Nd4 25. Bxe6+ Nxe6 26. Nxf5 Qxd1 27. Rbxd1 Ng5
28. Ne7+ Kf7 29. Nxc8 Bxc8 30. Re3 Nxh3+ 31. Kg2 Be7 32. f4 h5 33. Rc3 Bc5 34.
Rxc5 bxc5 35. Rd8 Bf5 36. Rh8 Kg6 37. c3 Be6 38. c4 Bf5 39. Rf8 Bd7 40. Rd8 Bg4
41. Rd5 1-0

[Event "NED-ch 1975"]
[Site "Leeuwarden"]
[Date "1975.??.??"]
[Round "8"]
[White "Vogel, Jaap"]
[Black "Dieks, Roy"]
[Result "1/2-1/2"]
[WhiteElo "2335"]
[BlackElo "2305"]
[PlyCount "61"]
[EventDate "1975.??.??"]
[Source "ChessBase"]
[SourceDate "1999.07.01"]

1. Nf3 Nf6 2. d4 g6 3. g3 Bg7 4. Bg2 O-O 5. O-O d6 6. c4 c5 7. Nc3 Nc6 8. dxc5
dxc5 9. Be3 Qa5 10. Bd2 Nd7 11. Nd5 Qd8 12. Bc3 e6 13. Bxg7 Kxg7 14. Nc3 Nde5
15. Nxe5 Nxe5 16. Qc2 Qe7 17. Rad1 f6 18. b3 Rb8 19. f4 Nf7 20. e4 Bd7 21. Qe2
a6 22. e5 f5 23. a4 Bc6 24. Nd5 exd5 25. cxd5 Bd7 26. e6 Nd6 27. Qe5+ Kg8 28.
exd7 Qxd7 29. Rfe1 b5 30. axb5 axb5 31. Rc1 1/2-1/2

[Event "NED-ch 1975"]
[Site "Leeuwarden"]
[Date "1975.??.??"]
[Round "9"]
[White "Bohm, Hans"]
[Black "Schouten, Nico"]
[Result "1-0"]
[WhiteElo "2300"]
[BlackElo "2200"]
[PlyCount "91"]
[EventDate "1975.??.??"]
[Source "ChessBase"]
[SourceDate "1999.07.01"]

1. e4 e5 2. Nf3 Nc6 3. Bb5 a6 4. Bxc6 dxc6 5. O-O Ne7 6. d4 exd4 7. Nxd4 Qd6 8.
Be3 g5 9. Qh5 Bd7 10. Nd2 Bg7 11. c3 c5 12. Nf5 Nxf5 13. exf5 O-O-O 14. Ne4 Qd5
15. f3 f6 16. Rfd1 Qg8 17. Nxc5 Bxf5 18. f4 Kb8 19. a4 Rxd1+ 20. Rxd1 Qc8 21.
Qf7 Qe8 22. Qxe8+ Rxe8 23. Kf2 h6 24. Rd5 Bc8 25. a5 g4 26. b4 f5 27. Bd4 Bf8
28. Nd7+ Bxd7 29. Rxd7 Bd6 30. g3 Rf8 31. Rh7 c5 32. bxc5 Bc7 33. Rxh6 Bxa5 34.
Ke3 Bc7 35. Kd3 Kc8 36. Kc4 Rf7 37. Kd5 Kd7 38. Be5 a5 39. c6+ bxc6+ 40. Rxc6
Bxe5 41. fxe5 Rh7 42. e6+ Kd8 43. Kd6 Ra7 44. Rb6 Ra8 45. c4 Ke8 46. c5 1-0

[Event "NED-ch 1975"]
[Site "Leeuwarden"]
[Date "1975.??.??"]
[Round "9"]
[White "Borm, Frans"]
[Black "Enklaar, Bert"]
[Result "1-0"]
[WhiteElo "2200"]
[BlackElo "2410"]
[PlyCount "115"]
[EventDate "1975.??.??"]
[Source "ChessBase"]
[SourceDate "1999.07.01"]

1. e4 c5 2. Nf3 Nc6 3. d4 cxd4 4. Nxd4 Nf6 5. Nc3 d6 6. Bg5 e6 7. Qd2 a6 8.
O-O-O Bd7 9. f4 Qc7 10. Nf3 h6 11. Bh4 O-O-O 12. Bd3 Kb8 13. Rhe1 Be8 14. Kb1
Rc8 15. h3 Nd7 16. Be2 Na5 17. f5 Nb6 18. fxe6 Nac4 19. Qc1 fxe6 20. Rd3 Nd7
21. Rf1 b5 22. Nd4 Nc5 23. Rdf3 Be7 24. Bxe7 Qxe7 25. Bxc4 bxc4 26. Qe3 Nd7 27.
R3f2 Bh5 28. g4 Bg6 29. Nde2 Rc5 30. Qd4 Rhc8 31. Nf4 Bh7 32. Nh5 Ne5 33. Nxg7
Qxg7 34. Qxd6+ Qc7 35. Qxc7+ R8xc7 36. Rf6 h5 37. Rxe6 hxg4 38. hxg4 a5 39. Nd5
Nxg4 40. Nxc7 Rxc7 41. Ra6 Rc5 42. Rf8+ Kb7 43. Re6 Rc7 44. Rfe8 Rd7 45. R8e7
Kc7 46. Kc1 Nf2 47. Rxd7+ Kxd7 48. Ra6 Bxe4 49. Kd2 Bc6 50. Rxa5 Ne4+ 51. Ke3
Nd6 52. Kd4 Be4 53. c3 Bd3 54. b3 Nf5+ 55. Kc5 cxb3 56. axb3 Be4 57. Ra7+ Kd8
58. b4 1-0

[Event "NED-ch 1975"]
[Site "Leeuwarden"]
[Date "1975.??.??"]
[Round "9"]
[White "Dieks, Roy"]
[Black "Van Dop, Arend"]
[Result "1-0"]
[WhiteElo "2305"]
[BlackElo "2340"]
[PlyCount "67"]
[EventDate "1975.??.??"]
[Source "ChessBase"]
[SourceDate "1999.07.01"]

1. e4 c5 2. Nf3 d6 3. d4 cxd4 4. Nxd4 Nf6 5. Nc3 a6 6. Be2 e6 7. O-O b5 8. f4
Bb7 9. Bf3 Nbd7 10. Qe2 Be7 11. e5 Bxf3 12. Nxf3 Ng4 13. Ng5 Qb6+ 14. Kh1 h5
15. f5 dxe5 16. fxe6 fxe6 17. Nce4 Ndf6 18. a4 O-O 19. Bd2 Rac8 20. h3 Nxe4 21.
Nxe4 Nf6 22. Ng5 bxa4 23. Qxe5 Rxc2 24. Bc3 Qc6 25. Rf3 Ne8 26. Rg3 Rf5 27. Qe3
Bf6 28. Nxe6 Bxc3 29. bxc3 Qc4 30. Nd4 Rf1+ 31. Rxf1 Qxf1+ 32. Kh2 Rc1 33.
Qxe8+ Kh7 34. Qg6+ 1-0

[Event "NED-ch 1975"]
[Site "Leeuwarden"]
[Date "1975.??.??"]
[Round "9"]
[White "Du Chattel, Philippe"]
[Black "Ree, Hans"]
[Result "0-1"]
[WhiteElo "2200"]
[BlackElo "2470"]
[PlyCount "58"]
[EventDate "1975.??.??"]
[Source "ChessBase"]
[SourceDate "1999.07.01"]

1. g3 e5 2. c3 d5 3. d3 Nf6 4. Bg2 Be7 5. Nh3 O-O 6. O-O c5 7. f4 Nc6 8. Nf2
exf4 9. gxf4 d4 10. e4 dxe3 11. Bxe3 Nd5 12. Bd2 Be6 13. Qf3 Nf6 14. Ne4 Qb6
15. Be3 Rad8 16. Qe2 Rfe8 17. f5 Bd5 18. Nbd2 Ne5 19. d4 Neg4 20. Rae1 Nxe3 21.
Qxe3 cxd4 22. cxd4 Nxe4 23. Nxe4 Bh4 24. Re2 Bxe4 25. Bxe4 Rxd4 26. Rf4 Bg5 27.
f6 Bxf4 28. Bxh7+ Kxh7 29. Qh3+ Bh6 0-1

[Event "NED-ch 1975"]
[Site "Leeuwarden"]
[Date "1975.??.??"]
[Round "9"]
[White "Van der Sterren, Paul"]
[Black "Hartoch, Rob"]
[Result "0-1"]
[WhiteElo "2200"]
[BlackElo "2375"]
[PlyCount "106"]
[EventDate "1975.??.??"]
[Source "ChessBase"]
[SourceDate "1999.07.01"]

1. e4 c5 2. Nf3 d6 3. d4 cxd4 4. Nxd4 Nf6 5. Nc3 e6 6. Be2 Be7 7. O-O O-O 8.
Be3 a6 9. f4 Qc7 10. Bf3 Nc6 11. a4 Na5 12. Qd3 e5 13. Nde2 b6 14. Rad1 Bb7 15.
Kh1 Nc4 16. Bc1 exf4 17. Nxf4 Ne5 18. Qd4 Rfe8 19. Be2 Bf8 20. Be3 Ned7 21.
Nfd5 Bxd5 22. exd5 Qc5 23. Bg1 Qxd4 24. Bxd4 Be7 25. Rfe1 Bf8 26. Bf1 Rxe1 27.
Rxe1 Ng4 28. h3 Nge5 29. Ne4 h6 30. Nd2 g6 31. Nc4 Nxc4 32. Bxc4 Bg7 33. Bxg7
Kxg7 34. Re7 Nc5 35. b4 Kf6 36. Rc7 Nxa4 37. Rd7 Ke5 38. Rxf7 Nc3 39. Rg7 a5
40. bxa5 bxa5 41. Rxg6 a4 42. Rxh6 a3 43. Bb3 Ne4 44. Kh2 a2 45. Bxa2 Rxa2 46.
h4 Rxc2 47. h5 Kxd5 48. Rg6 Ke5 49. h6 Nf6 50. Kh3 Kf5 51. Rg7 Rc1 52. g4+ Kf4
53. g5 Kf3 0-1

[Event "NED-ch 1975"]
[Site "Leeuwarden"]
[Date "1975.??.??"]
[Round "10"]
[White "Bohm, Hans"]
[Black "Van der Sterren, Paul"]
[Result "1-0"]
[WhiteElo "2300"]
[BlackElo "2200"]
[PlyCount "73"]
[EventDate "1975.??.??"]
[Source "ChessBase"]
[SourceDate "1999.07.01"]

1. d4 d5 2. Nf3 Nf6 3. Bg5 Ne4 4. Bf4 g6 5. Nbd2 Bg7 6. e3 c5 7. Bb5+ Bd7 8.
Bxd7+ Nxd7 9. c3 Nxd2 10. Qxd2 O-O 11. O-O Re8 12. b4 cxb4 13. cxb4 Nb6 14. b5
Qd7 15. Qb4 Rec8 16. Rfc1 f6 17. Nd2 e5 18. dxe5 fxe5 19. Bg3 h6 20. h3 Kh7 21.
a4 d4 22. e4 Qe6 23. a5 Nd7 24. Qb3 Qxb3 25. Nxb3 a6 26. b6 h5 27. Rc7 Rxc7 28.
bxc7 Rc8 29. Rc1 Bf8 30. Bh4 Kg7 31. Bd8 Kf7 32. Nd2 Bh6 33. Nc4 Rxc7 34. Nxe5+
Nxe5 35. Rxc7+ Ke8 36. Bf6 d3 37. Re7+ 1-0

[Event "NED-ch 1975"]
[Site "Leeuwarden"]
[Date "1975.??.??"]
[Round "10"]
[White "Enklaar, Bert"]
[Black "Du Chattel, Philippe"]
[Result "1-0"]
[WhiteElo "2410"]
[BlackElo "2200"]
[PlyCount "97"]
[EventDate "1975.??.??"]
[Source "ChessBase"]
[SourceDate "1999.07.01"]

1. e4 g6 2. d4 c6 3. c4 d6 4. Nc3 Bg7 5. Be2 Nh6 6. h4 f6 7. Be3 O-O 8. Qd2 Nf7
9. O-O-O e5 10. f4 Qe7 11. Bf3 Na6 12. Nge2 Nc7 13. Kb1 f5 14. fxe5 dxe5 15. d5
Rd8 16. Ka1 b6 17. h5 f4 18. hxg6 hxg6 19. Bf2 c5 20. Nc1 Ne8 21. Qe2 Nf6 22.
Nb3 g5 23. Bh5 Nd6 24. g3 Nxh5 25. Rxh5 f3 26. Qd3 Bg4 27. Rh2 Qf6 28. Nd2 a6
29. Rf1 Rf8 30. Bg1 Rf7 31. Nd1 Qg6 32. Ne3 Bd7 33. Nd1 a5 34. Nc3 Raf8 35. Be3
g4 36. Nd1 Rc8 37. Nf2 b5 38. Rc1 b4 39. Rch1 Rf6 40. Rh5 Qf7 41. Rxe5 Rh6 42.
Rg5 Rxh1+ 43. Nxh1 Qf6 44. e5 Qh6 45. Nf2 Nf7 46. Rxg4 Qh2 47. Nxf3 Qg2 48. e6
a4 49. exd7 1-0

[Event "NED-ch 1975"]
[Site "Leeuwarden"]
[Date "1975.??.??"]
[Round "10"]
[White "Hartoch, Rob"]
[Black "Dieks, Roy"]
[Result "1/2-1/2"]
[WhiteElo "2375"]
[BlackElo "2305"]
[PlyCount "118"]
[EventDate "1975.??.??"]
[Source "ChessBase"]
[SourceDate "1999.07.01"]

1. e4 c5 2. g3 d6 3. Bg2 Nc6 4. c3 e5 5. Ne2 Bg4 6. h3 Bxe2 7. Qxe2 g6 8. a3
Bg7 9. b4 Nge7 10. d3 a6 11. O-O O-O 12. Nd2 cxb4 13. axb4 d5 14. Rb1 dxe4 15.
dxe4 Na7 16. Bb2 Nec6 17. Nc4 f5 18. exf5 gxf5 19. Rbd1 Qe7 20. Nb6 Rad8 21.
Nd5 Qf7 22. c4 b5 23. cxb5 Nxb5 24. Qc4 Rc8 25. Qa2 Kh8 26. Qxa6 Ncd4 27. Bxd4
Nxd4 28. Rc1 Rxc1 29. Rxc1 f4 30. Rc7 Qf5 31. g4 Qb1+ 32. Qf1 Qb3 33. Be4 Rd8
34. Qd3 Qxd3 35. Bxd3 Nf3+ 36. Kh1 Rxd5 37. Rc8+ Bf8 38. Rxf8+ Kg7 39. Rg8+ Kf6
40. Be2 Ng5 41. h4 Ne4 42. Kg2 Rd2 43. Kf3 Nc3 44. g5+ Kf5 45. Rf8+ Kg6 46.
Rf6+ Kg7 47. Bc4 h5 48. Rf7+ Kg6 49. Rf6+ Kg7 50. Be6 Rd6 51. Rf7+ Kg6 52. Rf6+
Kg7 53. Bf5 Rxf6 54. gxf6+ Kxf6 55. Be4 Kf7 56. Bc6 Ke7 57. Be4 Kd6 58. Bg6 Nd5
59. Ke4 Nxb4 1/2-1/2